00952 2200325 4500001002100000005001500021035002000036007000300056040001600059100003700075245006900112250001200181300003600193020002200229041000800251082000800259084001400267090002200281264003800303336002100341337003000362338002300392650001000415850001000425008004100435700004400476700005800520990002400578990002400602INLIS00000000000457820260524082340 a0010-0122000210ta aSPBUPDbind0 aKenneth E. GoodpasterePengarang1 aBusiness Ethics :bPolicies and Persons /cKenneth E. Goodpaster a.-Ed. 4 axiv, 632 hal. ;c20,3 x 25,5 cm a978-0-07-299690-6 aind a174 a174 GOO b a174.4 DJO k 1 2.8 a.--New York :bMcGraw-Hill,c2005 2rdacontentaTeks 2rdamediaaTanpa Perantara 2rdacarrieravolume 4aetika aPUPAD260524 0  apengarangke-2, Laura L. NashePengarang apengarang ke-3, Henri-Claude de BettigniesePengarang a393/S/KAPD-PDG/2012 a001/S/KAPD-PDG/2012